The pharaohs Treasures of Ancient Egypt

محفوظ في:

المؤلف الرئيسي: Egyptian Museum, cairo

التنسيق: كتاب

اللغة: Undetermined

منشور في: Bahrain culture and National Heritage 2007

الموضوعات:

الوسوم: إضافة وسم

لا توجد وسوم, كن أول من يضع وسما على هذه التسجيلة!

رقم الطلب: (L) N5350 .P65

LEADER 00614nam a2200157Ia 4500
008 221124s9999||||xx |||||||||||||| ||und||
050 4 |a (L) N5350 .P65 
100 1 |a Egyptian Museum, cairo 
245 1 4 |a The pharaohs  |b Treasures of Ancient Egypt 
264 1 |a Bahrain  |b culture and National Heritage  |c 2007 
300 |a 140.p 
504 |a Catalogue of a loan exhibition from the cairo museum to the bahrain National Museum 
650 4 |a art--egyptian--exhibitions  
942 |2 lcc  |c BK 
952 |0 0  |1 0  |2 lcc  |4 0  |7 1  |9 44005  |a ARCE  |b ARCE  |d 2022-11-24  |l 0  |o (L) N5350 .P65  |p 1025552  |r 2022-11-24 00:00:00  |w 2022-11-24  |y BK 
999 |c 50462  |d 50462